Statistics for Countries who appear in other countries anthems

Click here to take the quiz!

General Stats

  • This quiz has been taken 53 times
  • The average score is 23 of 52

Answer Stats

AppearancesCountries% Correct
35France
94%
9United Kingdom
94%
43Spain
89%
5Russia
87%
8United States
85%
2China
83%
7Germany
83%
28Italy
79%
1Mexico
72%
8Portugal
70%
1Brazil
68%
16Turkey
64%
8Netherlands
62%
2Sweden
62%
4Iran
60%
1Belgium
57%
1Norway
57%
5Argentina
55%
17Greece
55%
2Denmark
53%
4Chile
51%
6Egypt
49%
3Iraq
45%
4Peru
45%
2Austria
43%
1Romania
43%
15Israel
40%
6Saudi Arabia
40%
1Indonesia
38%
1Serbia
38%
4Bolivia
32%
4Venezuela
32%
3Pakistan
30%
2Uruguay
30%
1Ecuador
28%
1Ethiopia
26%
1Mongolia
26%
1Panama
23%
1Democratic Republic of the Congo
21%
3Haiti
21%
6Republic of the Congo
21%
2Libya
19%
2Bangladesh
17%
1Nepal
17%
1Vatican City
17%
2Latvia
13%
1Luxembourg
11%
1Azerbaijan
6%
1Jamaica
6%
1Turkmenistan
6%
1Uzbekistan
6%
1Tajikistan
2%

Score Distribution

Percentile by Number Answered

Percent of People with Each Score

Your Score History

You have not taken this quiz